| 000 | 00428nam a2200169Ia 4500 | ||
|---|---|---|---|
| 008 | 180921t2016 xxu||||| |||| 00| 0 sin d | ||
| 041 | _asin | ||
| 080 |
_a294.3 _bDAM |
||
| 100 | _aDammasudda Himi, Alankare | ||
| 245 | _aභාවනාලෝක | ||
| 246 | _aBawanaloka | ||
| 260 |
_bTharanjee Printers _aMaharagama _c2016 |
||
| 300 | _b372p, 22cm | ||
| 942 | _cBK | ||
| 999 |
_c1129 _d1129 |
||
| 003 | LK-CoDNM | ||
| 040 |
_aLK-CoDNM _dLK-CoDNM _eLK-CoDNM |
||